| 000 | 00759cam a2200253 i 4500 | ||
|---|---|---|---|
| 001 | 122145 | ||
| 005 | 20230410132622.0 | ||
| 008 | 160308s2013 fr r 000 1 fre d | ||
| 020 | _a9782081290068 | ||
| 020 | _a2081290065 | ||
| 041 | 1 |
_afre _heng |
|
| 050 | 1 | 4 |
_aPR 9369.4 _bB628m 2013 |
| 082 | 0 | 0 | _a896.3 |
| 100 | 1 | _aBlacklaws, Troy | |
| 245 | 1 | 3 |
_aUn monde beau, fou et cruel / _cTroy Blacklaws; traduit de l'anglais (Afrique du Sud) par Pierre Guglielmina. |
| 260 |
_a[Paris] : _bFlammarion, _c2013 |
||
| 300 |
_a291 p. ; _c22 cm. |
||
| 500 | _aTÃtulo original: Cruel crazy beautiful world. | ||
| 650 | 0 |
_aSouth Africa _vFiction. |
|
| 650 | 4 | _aNovela sudafricana. | |
| 700 | 1 |
_aGuglielmina, Pierre. _etr. |
|
| 942 |
_2lcc _cbk |
||
| 946 | _aJaaM | ||
| 999 |
_c84772 _d84772 |
||